| 000 | 01769nam a2200373 c 4500 | ||
|---|---|---|---|
| 003 | BLK | ||
| 005 | 20240314005348.0 | ||
| 008 | 180411b bul|||||r ||||||| ||bul|| | ||
| 010 | _aKNG00176700000 | ||
| 020 |
_a978-954-474-608-7 _bиздат.: Кибеа |
||
| 040 | _aBLK | ||
| 041 |
_aBUL _cBUL |
||
| 072 | 7 |
_2bullib _aН20 _xРелигия. Теология Н |
|
| 080 |
_aМолитви. Молитвеници. Четене на Библията. Вж 264 _b243 _x _z243 |
||
| 100 | 1 |
_aРуис, дон Мигел Анхел _eпърви автор _9370980 |
|
| 700 | 1 |
_aМилс, Джанет _eсъавт. _9294068 |
|
| 700 |
_aМиланова, Станислава Александрова _gПреводач от английски и руски език. _d1967- _qМиланова-Леонтиева, Станислава Александрова _9363380 |
||
| 139 |
_aРуис, дон Мигел Анхел и др. _bР 91 |
||
| 245 | 1 | 0 |
_aМолитви _bЕдинение със Създателя _cдон Мигел Анхел Руис; съавт. Джанет Милс; прев. от англ. Станислава Александрова Миланова. |
| 257 | _aUSA | ||
| 260 |
_аСофия _bКибеа _c2012 _fСофия : Инвестпрес |
||
| 300 |
_a112 с. _c16 см |
||
| 380 | _a2 | ||
| 500 | _aОриг. загл.: Prayers: a communion with our creator / Miguel Angеl Ruiz and Janet Mills | ||
| 650 | 4 |
_aМолитви _9162629 |
|
| 653 | _aмолитви | ||
| 659 | _aН | ||
| 852 | _aЦб І 35923 | ||
| 856 | 4 |
_qpdf _u |
|
| 856 | 4 |
_qpdf _u |
|
| 942 |
_cKNG _n0 |
||
| 944 |
_aCR _c16.06.2015 _k _lCRON CRON |
||
| 944 |
_aED _c05.11.2015 _kНаталия_Медовщикова |
||
| 999 |
_c168766 _d168766 |
||